000 00476nam a2200169Ia 4500
008 240729s9999 xx 000 0 und d
022 _a2195-478X
245 0 _aGeothermal Energy Science
260 _aGermany
260 _bCopernicus Publications
650 _a Mechanical engineering and machinery
650 _a Renewable energy sources
650 _aTechnology
856 _uhttps://doaj.org/toc/c5ef82a33ef4455a96c3d5b97ff124d3
942 _2ddc
942 _cDOAJEJ
999 _c70333
_d70333
945 _a1
_bMadushi Gamage
_c1
_dMadushi Gamage